| 000 | 00517nam a22001932 4500 | ||
|---|---|---|---|
| 001 | 0000001324 | ||
| 005 | 20170406113340.0 | ||
| 008 | 131220s xx 000 0 eng d | ||
| 020 | _c$ | ||
| 040 |
_aYour Holding Symbol _cYour Holding Symbol |
||
| 100 | 1 | _aJohnson,Campbell Alan. | |
| 245 | 1 | 0 | _aSIR ANTHONY EDEN. |
| 250 | _a ed. | ||
| 260 |
_aLONDON : _bRoberthale limited, _c1955. |
||
| 300 |
_a272 p. : _bill ; _c cm. |
||
| 504 | _aindex. | ||
| 650 | 0 | _agreat britain. | |
| 908 | _a131220 | ||
| 999 |
_c1241 _d1241 |
||